000 00378nam a2200145 i 4500
001 bg
100 1 _aBIEĆ, Alfred B.
245 0 _aOrganizacja i sprawność systemu gospodarczego :
_belementy teorii /
_cA.B. Bieć.
260 _aWarszawa,
_c1988.
040 _cBPK
041 _apol
080 _a330.342:338.244
942 _cKS
008 s pl f |000 0 pol
999 _c23876
_d23876
856 _uhttp://koha.tu.koszalin.pl/cgi-bin/koha/opac-detail.pl?biblionumber=23876
_yKatalog online BPK